Trao quyền trong thực tế từ phân tích đến thực hiện : (Sách tham khảo)
Phần 1: Hiểu và áp dụng khái niệm trao quyền; Phần 2: Đo lường và đánh giá trao quyền: Các nghiên cứu về 5 quốc gia
Na minha lista:
| Autor principal: | |
|---|---|
| Formato: | Livro |
| Idioma: | Undetermined |
| Publicado em: |
Hà Nội
Văn hóa - Thông tin
2006
|
| Assuntos: | |
| Tags: |
Adicionar Tag
Sem tags, seja o primeiro a adicionar uma tag!
|
| Thư viện lưu trữ: | Trung tâm Học liệu Trường Đại học Cần Thơ |
|---|
| LEADER | 00856nam a2200205Ia 4500 | ||
|---|---|---|---|
| 001 | CTU_117405 | ||
| 008 | 210402s9999 xx 000 0 und d | ||
| 082 | |a 362.5 | ||
| 082 | |b A462 | ||
| 100 | |a Alsop, Ruth | ||
| 245 | 0 | |a Trao quyền trong thực tế từ phân tích đến thực hiện : | |
| 245 | 0 | |b (Sách tham khảo) | |
| 245 | 0 | |c Ruth Alsop, Mette Bertelsen, Jeremy Holland; dịch bởi Lê Kim Tiên ... [et al.] | |
| 260 | |a Hà Nội | ||
| 260 | |b Văn hóa - Thông tin | ||
| 260 | |c 2006 | ||
| 520 | |a Phần 1: Hiểu và áp dụng khái niệm trao quyền; Phần 2: Đo lường và đánh giá trao quyền: Các nghiên cứu về 5 quốc gia | ||
| 650 | |a Social problems,Social welfare | ||
| 904 | |i Vuong | ||
| 980 | |a Trung tâm Học liệu Trường Đại học Cần Thơ | ||